[Event "FICGS class F 000149 email"]
[Site "FICGS email"]
[Date "2014.05.30"]
[Round "1"]
[White "Dotti Contra, Alessandro"]
[Black "Gresham, Jonathan"]
[Result "1-0"]
[WhiteElo "1075"]
[BlackElo "964"]
[PlyCount "21"]
[EventDate "2014.??.??"]
[EventType "tourn (corr)"]
[EventRounds "5"]
[SourceTitle "Corr 2022"]
[Source "ChessBase"]
[SourceDate "2021.10.24"]
[SourceVersion "1"]
[SourceVersionDate "2021.10.24"]
[SourceQuality "1"]

1. e4 c5 2. Nf3 Nc6 3. Nc3 e6 4. d4 cxd4 5. Nxd4 Nge7 6. Bb5 a6 7. Ba4 b5 8. Bb3 Bb7 9. 0-0 g6 10. Bg5 Bg7 11. Nxc6 1-0

[Event "FICGS class F 000149 email"]
[Site "FICGS email"]
[Date "2014.05.30"]
[Round "1"]
[White "Gresham, Jonathan"]
[Black "Stoyanov, Zdravko"]
[Result "0-1"]
[WhiteElo "964"]
[BlackElo "1110"]
[PlyCount "30"]
[EventDate "2014.??.??"]
[EventType "tourn (corr)"]
[EventRounds "5"]
[SourceTitle "Corr 2022"]
[Source "ChessBase"]
[SourceDate "2021.10.24"]
[SourceVersion "1"]
[SourceVersionDate "2021.10.24"]
[SourceQuality "1"]

1. d4 d5 2. c4 dxc4 3. e3 Bd7 4. Bxc4 e6 5. Bd2 Nc6 6. Nf3 h6 7. 0-0 Nf6 8. Qc2 Bd6 9. e4 Bb4 10. Nc3 0-0 11. a3 Ba5 12. Rfe1 Bxc3 13. bxc3 a6 14. Rab1 Na5 15. Ba2 Bb5 0-1

[Event "FICGS rapid E 000130 email"]
[Site "FICGS email"]
[Date "2014.05.27"]
[Round "1"]
[White "Rajput, Vishalsingh"]
[Black "Gresham, Jonathan"]
[Result "1-0"]
[WhiteElo "1231"]
[BlackElo "964"]
[PlyCount "23"]
[EventDate "2014.??.??"]
[EventType "tourn (rapid)"]
[EventRounds "6"]
[SourceTitle "Corr 2022"]
[Source "ChessBase"]
[SourceDate "2021.10.24"]
[SourceVersion "1"]
[SourceVersionDate "2021.10.24"]
[SourceQuality "1"]

1. e4 e5 2. Nf3 Nc6 3. Bc4 Nf6 4. 0-0 Bc5 5. Nc3 0-0 6. a3 d6 7. h3 Re8 8. Re1 Be6 9. Nd5 Bxd5 10. Bxd5 Nxd5 11. exd5 Ne7 12. c4 1-0

[Event "FICGS class F 000148 email"]
[Site "FICGS email"]
[Date "2014.05.14"]
[Round "1"]
[White "Gresham, Jonathan"]
[Black "Gonet, Gerard"]
[Result "0-1"]
[WhiteElo "964"]
[BlackElo "1153"]
[PlyCount "28"]
[EventDate "2014.??.??"]
[EventType "tourn (corr)"]
[EventRounds "5"]
[SourceTitle "Corr 2022"]
[Source "ChessBase"]
[SourceDate "2021.10.24"]
[SourceVersion "1"]
[SourceVersionDate "2021.10.24"]
[SourceQuality "1"]

1. e4 e5 2. Nf3 f5 3. d4 fxe4 4. Nxe5 Qf6 5. Nc3 Bb4 6. Bc4 Nh6 7. Bd2 d6 8. Bxh6 Qxh6 9. Nf7 Qg6 10. Nxh8 Qxg2 11. Rf1 Bh3 12. Qh5+ g6 13. Qxh7 d5 14. Qe7+ Kxe7 0-1

[Event "FICGS rapid E 000129 email"]
[Site "FICGS email"]
[Date "2014.05.05"]
[Round "1"]
[White "Rajput, Vishalsingh"]
[Black "Gresham, Jonathan"]
[Result "1-0"]
[WhiteElo "1231"]
[BlackElo "964"]
[PlyCount "69"]
[EventDate "2014.??.??"]
[EventType "tourn (rapid)"]
[EventRounds "6"]
[SourceTitle "Corr 2022"]
[Source "ChessBase"]
[SourceDate "2021.10.24"]
[SourceVersion "1"]
[SourceVersionDate "2021.10.24"]
[SourceQuality "1"]

1. e4 Nc6 2. Nf3 d5 3. exd5 Qxd5 4. Nc3 Qa5 5. Bc4 Bd7 6. 0-0 0-0-0 7. Bxf7 e5 8. Re1 Bg4 9. Re3 Bc5 10. Re4 Bxf3 11. gxf3 Qb6 12. Nd5 Qa6 13. d3 Nf6 14. Nxf6 gxf6 15. Bh6 f5 16. Be6+ Kb8 17. Bxf5 Rhg8+ 18. Kf1 Ne7 19. Be3 Bxe3 20. fxe3 Nxf5 21. Kf2 h5 22. Qe2 Nh4 23. Rxh4 Qg6 24. Qf1 Rdf8 25. Ke2 Qg2+ 26. Qf2 Qg6 27. Kd2 Qc6 28. Re4 Qd6 29. Kc3 Qb6 30. b3 Rf4 31. Rxe5 Qb4+ 32. Kb2 Qb6 33. Rg1 Rgf8 34. Rg3 Rg4 35. Rxg4 1-0

[Event "FICGS class F 000146 email"]
[Site "FICGS email"]
[Date "2014.04.19"]
[Round "1"]
[White "Cavaille, Cedric"]
[Black "Gresham, Jonathan"]
[Result "0-1"]
[WhiteElo "1102"]
[BlackElo "990"]
[PlyCount "158"]
[EventDate "2014.??.??"]
[EventType "tourn (corr)"]
[EventRounds "5"]
[SourceTitle "Corr 2022"]
[Source "ChessBase"]
[SourceDate "2021.10.24"]
[SourceVersion "1"]
[SourceVersionDate "2021.10.24"]
[SourceQuality "1"]

1. e4 Nf6 2. e5 Nd5 3. c4 Nb6 4. c5 Nd5 5. Bc4 e6 6. Bxd5 exd5 7. d4 Nc6 8. Nf3 d6 9. cxd6 cxd6 10. Bg5 Qb6 11. b3 dxe5 12. Nxe5 Qxd4 13. Qxd4 Nxd4 14. Kd2 f6 15. Bxf6 gxf6 16. Nd3 Bd6 17. Re1+ Be6 18. Kc3 Nb5+ 19. Kb2 Nc7 20. g3 0-0-0 21. Nc3 h5 22. Nb5 Be5+ 23. Rxe5 fxe5 24. Nxc7 Kxc7 25. Nxe5 d4 26. Kc2 Bf5+ 27. Kd2 h4 28. Nf7 hxg3 29. hxg3 Rh2 30. Nxd8 Rxf2+ 31. Ke1 Rc2 32. Nxb7 Kxb7 33. Kd1 d3 34. a4 Bg4+ 35. Ke1 Re2+ 36. Kf1 Bh3+ 37. Kg1 Rg2+ 38. Kf1 Ra2+ 39. Ke1 Re2+ 40. Kd1 Bg4 41. Rc1 d2 42. Rc2 Re3+ 43. Kxd2 Rxg3 44. Rc3 Rg2+ 45. Kd3 Ra2 46. Kc4 Be2+ 47. Kb4 Kb6 48. Rc5 a6 49. a5+ Ka7 50. Kc3 Ra1 51. b4 Rc1+ 52. Kd4 Rb1 53. Kc3 Kb7 54. Re5 Bg4 55. Kc4 Rc1+ 56. Kd4 Rc8 57. Rc5 Rd8+ 58. Rd5 Re8 59. Kc5 Be2 60. Rd6 Re5+ 61. Rd5 Re4 62. Rd6 Bb5 63. Rd7+ Bxd7 64. Kd5 Bc6+ 65. Kc5 Kc7 66. b5 Re5+ 67. Kb4 Rxb5+ 68. Ka4 Rh5+ 69. Kb4 Rb5+ 70. Ka4 Kd6 71. Ka3 Kc5 72. Ka4 Rb4+ 73. Ka3 Kc4 74. Ka2 Ra4+ 75. Kb2 Be4 76. Kc1 Kd3 77. Kb2 Bd5 78. Kc1 Rb4 79. Kd1 Rb1# 0-1

[Event "FICGS class F 000144 email"]
[Site "FICGS email"]
[Date "2014.03.08"]
[Round "1"]
[White "Gresham, Jonathan"]
[Black "Bromo, Alexis"]
[Result "0-1"]
[WhiteElo "990"]
[BlackElo "1147"]
[PlyCount "76"]
[EventDate "2014.??.??"]
[EventType "tourn (corr)"]
[EventRounds "5"]
[SourceTitle "Corr 2022"]
[Source "ChessBase"]
[SourceDate "2021.10.24"]
[SourceVersion "1"]
[SourceVersionDate "2021.10.24"]
[SourceQuality "1"]

1. e4 e5 2. d4 d6 3. dxe5 dxe5 4. Qxd8+ Kxd8 5. Bd2 Nf6 6. Nc3 Nc6 7. 0-0-0 Bd6 8. Bg5 h6 9. Bxf6+ gxf6 10. Nge2 Be6 11. g3 Ke7 12. Bg2 Rhd8 13. Nd5+ Bxd5 14. Rxd5 Nb4 15. Ra5 b6 16. Ra4 a5 17. f4 Bc5 18. c3 Nd3+ 19. Kb1 b5 20. Ra3 Bxa3 21. bxa3 Nc5 22. Nc1 Rab8 23. fxe5 fxe5 24. Kb2 b4 25. Nb3 bxc3+ 26. Kxc3 Nxb3 27. axb3 Rd4 28. Rf1 a4 29. b4 c5 30. Rf5 cxb4+ 31. axb4 f6 32. Bf1 Rbxb4 33. Ba6 a3 34. Rf2 Ra4 35. Bb5 a2 36. Rf1 a1Q+ 37. Rxa1 Rxa1 38. Bd3 Ra3+ 0-1

[Event "FICGS class F 000144 email"]
[Site "FICGS email"]
[Date "2014.03.08"]
[Round "1"]
[White "Gresham, Jonathan"]
[Black "Cavaille, Cedric"]
[Result "1/2-1/2"]
[WhiteElo "990"]
[BlackElo "1102"]
[PlyCount "127"]
[EventDate "2014.??.??"]
[EventType "tourn (corr)"]
[EventRounds "5"]
[SourceTitle "Corr 2022"]
[Source "ChessBase"]
[SourceDate "2021.10.24"]
[SourceVersion "1"]
[SourceVersionDate "2021.10.24"]
[SourceQuality "1"]

1. e4 e5 2. d4 exd4 3. c3 dxc3 4. Bc4 cxb2 5. Bxb2 Nc6 6. Qh5 g6 7. Qf3 Qe7 8. Bxh8 Ne5 9. Qc3 Nxc4 10. Qxc4 Nf6 11. Nc3 c6 12. Rd1 d6 13. h3 Qe6 14. Qxe6+ Bxe6 15. Bxf6 b5 16. a3 a5 17. Nf3 b4 18. axb4 axb4 19. Ne2 b3 20. 0-0 c5 21. e5 c4 22. exd6 Rd8 23. Bxd8 Kxd8 24. Ne5 Bg7 25. Nc6+ Kd7 26. Ne7 Be5 27. f4 Bxd6 28. Ng8 b2 29. Nf6+ Ke7 30. Ng8+ Kd7 31. Nf6+ Ke7 32. Nxh7 Bf5 33. Nc3 Bb4 34. Nd5+ Ke6 35. Nxb4 b1Q 36. Rfe1+ Qe4 37. Ng5+ Kf6 38. Nxe4+ Bxe4 39. Rxe4 g5 40. fxg5+ Kxg5 41. Rg4+ Kf5 42. Rxc4 Ke5 43. Rd5+ Ke6 44. Re4+ Kf6 45. g4 Kg6 46. h4 f6 47. h5+ Kh6 48. Re6 Kg7 49. Rd7+ Kh6 50. Rxf6+ Kg5 51. Rg6+ Kf4 52. Nd3+ Ke4 53. Re6+ Kf3 54. Ne5+ Kf4 55. Rf7+ Kg5 56. Rg6+ Kh4 57. Rh7 Kg3 58. g5 Kf4 59. Nd3+ Ke4 60. Nf2+ Kf4 61. Rf7+ Ke5 62. h6 Kd4 63. Rd7+ Ke5 64. Rf6 1/2-1/2

[Event "FICGS no engines 00 email"]
[Site "FICGS email"]
[Date "2013.10.12"]
[Round "1"]
[White "Gresham, Jonathan"]
[Black "Goldmund, Heike"]
[Result "0-1"]
[WhiteElo "809"]
[BlackElo "1544"]
[PlyCount "74"]
[EventDate "2013.??.??"]
[EventType "swiss (corr)"]
[EventRounds "1"]
[SourceTitle "Corr 2022"]
[Source "ChessBase"]
[SourceDate "2021.10.24"]
[SourceVersion "1"]
[SourceVersionDate "2021.10.24"]
[SourceQuality "1"]

1. c4 c6 2. d4 d5 3. Nf3 Bf5 4. Nc3 Nf6 5. e3 e6 6. cxd5 cxd5 7. Bd2 Bd6 8. Qb3 Qc7 9. 0-0-0 Nbd7 10. Bb5 0-0 11. Ba4 a6 12. Nh4 Bd3 13. f3 Bc4 14. Qc2 Nb6 15. Bb3 Rfc8 16. e4 Bxb3 17. Qxb3 dxe4 18. fxe4 Nxe4 19. Rdf1 Nxd2 20. Kxd2 Bf4+ 21. Kc2 Nd5 22. g3 Ne3+ 23. Kd3 Nxf1 24. Rxf1 Bg5 25. d5 Rd8 26. Ng2 Rac8 27. h4 Bf6 28. Rc1 Qxg3+ 29. Ne3 b5 30. a3 Bxh4 31. Ne2 Qg6+ 32. Kd2 Bg5 33. Nc3 Bxe3+ 34. Kxe3 Qg5+ 35. Kd4 Rc4+ 36. Kd3 Qxc1 37. Na2 Rxd5+ 0-1

[Event "FICGS no engines 00 email"]
[Site "FICGS email"]
[Date "2013.10.12"]
[Round "1"]
[White "Gresham, Jonathan"]
[Black "Trigance, Emile"]
[Result "0-1"]
[WhiteElo "809"]
[BlackElo "1600"]
[PlyCount "28"]
[EventDate "2013.??.??"]
[EventType "swiss (corr)"]
[EventRounds "1"]
[SourceTitle "Corr 2022"]
[Source "ChessBase"]
[SourceDate "2021.10.24"]
[SourceVersion "1"]
[SourceVersionDate "2021.10.24"]
[SourceQuality "1"]

1. c4 c6 2. d4 d5 3. Nf3 Nf6 4. Nc3 dxc4 5. e4 b5 6. a3 e6 7. Bg5 Be7 8. d5 exd5 9. exd5 Nxd5 10. Nxd5 cxd5 11. g3 Bxg5 12. Nxg5 Qxg5 13. Bg2 Qe5+ 14. Kf1 Be6 0-1

[Event "FICGS class F 000137 email"]
[Site "FICGS email"]
[Date "2013.10.10"]
[Round "1"]
[White "Gresham, Jonathan"]
[Black "Bromo, Alexis"]
[Result "0-1"]
[WhiteElo "809"]
[BlackElo "1092"]
[PlyCount "64"]
[EventDate "2013.??.??"]
[EventType "tourn (corr)"]
[EventRounds "5"]
[SourceTitle "Corr 2022"]
[Source "ChessBase"]
[SourceDate "2021.10.24"]
[SourceVersion "1"]
[SourceVersionDate "2021.10.24"]
[SourceQuality "1"]

1. c4 e5 2. d3 Nc6 3. Nc3 Nf6 4. Nf3 Bb4 5. Bg5 h6 6. Bh4 Bxc3+ 7. bxc3 a6 8. d4 e4 9. Nd2 d6 10. Nxe4 g5 11. Nxf6+ Qxf6 12. Bg3 Bf5 13. c5 dxc5 14. Bxc7 0-0 15. e3 Rac8 16. Bg3 Rfe8 17. Be2 b5 18. 0-0 c4 19. d5 Ne5 20. Bxe5 Rxe5 21. Bf3 Rd8 22. e4 Bxe4 23. Bxe4 Rxe4 24. f3 Rf4 25. g3 Rf5 26. f4 gxf4 27. gxf4 Kh8 28. a4 Rg8+ 29. Kh1 Rxf4 30. Rxf4 Qxf4 31. axb5 Qe4+ 32. Qf3 Qxf3# 0-1

[Event "FICGS class F 000128 email"]
[Site "FICGS email"]
[Date "2013.04.13"]
[Round "1"]
[White "Cavaille, Cedric"]
[Black "Gresham, Jonathan"]
[Result "1-0"]
[WhiteElo "1022"]
[BlackElo "908"]
[PlyCount "45"]
[EventDate "2013.??.??"]
[EventType "tourn (corr)"]
[EventRounds "5"]
[SourceTitle "Corr 2022"]
[Source "ChessBase"]
[SourceDate "2021.10.24"]
[SourceVersion "1"]
[SourceVersionDate "2021.10.24"]
[SourceQuality "1"]

1. d4 d5 2. Nc3 Nf6 3. Nf3 Nc6 4. e3 Bg4 5. Bb5 Qd7 6. h3 Bh5 7. Qe2 0-0-0 8. Bd2 Kb8 9. 0-0-0 g5 10. Bxc6 Qxc6 11. g4 Bg6 12. Nxg5 Bh6 13. f4 Rhe8 14. h4 e6 15. Qf3 Ka8 16. f5 exf5 17. h5 fxg4 18. Qf4 Be4 19. Ncxe4 Rxe4 20. Qf5 Bg7 21. Nxe4 dxe4 22. Be1 Rd5 23. Qc8# 1-0

[Event "FICGS class F 000121 email"]
[Site "FICGS email"]
[Date "2013.01.02"]
[Round "1"]
[White "Gonet, Gerard"]
[Black "Gresham, Jonathan"]
[Result "1-0"]
[WhiteElo "1212"]
[BlackElo "1019"]
[PlyCount "39"]
[EventDate "2013.??.??"]
[EventType "tourn (corr)"]
[EventRounds "5"]
[SourceTitle "Corr 2022"]
[Source "ChessBase"]
[SourceDate "2021.10.24"]
[SourceVersion "1"]
[SourceVersionDate "2021.10.24"]
[SourceQuality "1"]

1. d4 d5 2. e4 e5 3. Nc3 Nc6 4. Be3 Nf6 5. dxe5 Nxe5 6. f4 Nc6 7. exd5 Ne7 8. Bc4 b6 9. Nf3 Bb7 10. d6 cxd6 11. 0-0 d5 12. Bb5+ Bc6 13. Qd3 Bxb5 14. Qxb5+ Nd7 15. Nxd5 a6 16. Qb3 Rb8 17. Rfd1 Rb7 18. Ne5 g6 19. Qa4 a5 20. Nf6# 1-0